[Event "Asian Schools-ch 14th U15 Girls"]
[Site "Waskaduwa"]
[Date "2018.07.09"]
[Round "1.3"]
[White "Sultanbek, Zeinep"]
[Black "Irunika, SD Aruni"]
[Result "1-0"]
[WhiteElo "1654"]
[BlackElo "1218"]
[PlyCount "64"]
[EventDate "2018.07.09"]
[EventType "swiss"]
[EventRounds "9"]
[EventCountry "SRI"]
[SourceTitle "EXT 2024"]
[Source "ChessBase"]
[SourceDate "2023.10.10"]
[SourceVersion "1"]
[SourceVersionDate "2023.10.10"]
[SourceQuality "1"]

1. d4 g6 2. c4 Bg7 3. e4 d6 4. Nc3 Nd7 5. Be2 c5 6. Nf3 Ngf6 7. Bg5 0-0 8. Qd2 b6 9. Rd1 Bb7 10. e5 cxd4 11. Qxd4 Ne8 12. Qh4 f6 13. exf6 Nexf6 14. 0-0 Rc8 15. Nd4 Qe8 16. Ne6 Rf7 17. Nxg7 Rxg7 18. Nd5 Bxd5 19. cxd5 Rc2 20. Rd2 Qc8 21. Qe4 Rxd2 22. Bxd2 Rf7 23. Qe6 Qc2 24. Bh6 Nf8 25. Bd1 Qxb2 26. Qc8 Qxa2 27. Bf3 Qa4 28. Rc1 Qh4 29. Be3 Qb4 30. Qb8 Qa5 31. h3 Kg7 32. Rc7 Qa1+ 1-0